خلا فت ا سلا ميا ن (Record no. 94718)

MARC details
000 -LEADER
fixed length control field 00700nam a22002177a 4500
005 - DATE AND TIME OF LATEST TRANSACTION
control field 20150707163644.0
008 - FIXED-LENGTH DATA ELEMENTS--GENERAL INFORMATION
fixed length control field 140714b xxu||||| |||| 00| 0 Urdu d
010 ## - LCCN (DPL NO)
LC control number UR-9171
020 ## - INTERNATIONAL STANDARD BOOK NUMBER
Terms of availability 93.00
International Standard Book Number 9788192052540
035 ## - SYSTEM CONTROL NUMBER
System control number U-7726
037 ## - SOURCE OF ACQUISITION
Source of stock number/acquisition BPPD/Pub/Ven
040 ## - CATALOGING SOURCE
Original cataloging agency DPL
Language of cataloging Urdu
082 ## - DEWEY DECIMAL CLASSIFICATION NUMBER
Classification number 270
100 ## - MAIN ENTRY--PERSONAL NAME
Personal name ا يم عظيم اللہ
245 ## - TITLE STATEMENT
Title خلا فت ا سلا ميا ن
Statement of responsibility, etc ا يم عظيم اللہ
246 #h - VARYING FORM OF TITLE
Title proper/short title Khilafat-e-Islamia
Remainder of title By M.Azimullah
260 ## - PUBLICATION, DISTRIBUTION, ETC. (IMPRINT)
Name of publisher, distributor, etc Century Publications
Date of publication, distribution, etc 2013
Place of publication, distribution, etc Patna
270 ## - ADDRESS
Address Tarni Parsad Lane,Ghasiari Gali Patna City,
City Patna
Telephone number 0612-2660806
Postal code 800008
300 ## - PHYSICAL DESCRIPTION
Extent 176ص
Dimensions 22Cm (Hb)
942 ## - ADDED ENTRY ELEMENTS (KOHA)
Source of classification or shelving scheme Dewey Decimal Classification
Item type Urdu Bks
Edition
Classification part 270
Call number suffix ا ے م
Holdings
Withdrawn status Lost status Source of classification or shelving scheme Damaged status Not for loan Collection code Home library Current library Date acquired Source of acquisition Cost, normal purchase price Total Checkouts Full call number Barcode Date last seen Copy number Cost, replacement price Koha item type
    Dewey Decimal Classification   Not For Loan Non-fiction D.B.Act.Division D.B.Act.Division 07/07/2015 DBAD/Pub. 93.00   270 ا ے م U-7726 07/07/2015 1 93.00 Urdu Bks

© Delhi Public Library
Hit Counter
free hit counter